| 000 | 00402nam a22001457a 4500 | ||
|---|---|---|---|
| 020 | _a9780307944689 | ||
| 082 | _a428 CRA | ||
| 100 | _aFRANEK, ROB | ||
| 245 | _aCRACKING THE TOEFL IBT WITH AUDIO EXERCISES ON CD 2013:PROVEN TECHNIQUES FOR HIGHER SCORE | ||
| 260 |
_aNEW YORK _bRANDOM HOUSE _c2013 |
||
| 300 | _a541P | ||
| 650 | _aTOFEL 2013. | ||
| 700 | _aPIERCE, DOUGLAS KINSELL, SEAN | ||
| 942 | _cBK | ||
| 999 |
_c34187 _d34187 |
||